| 000 | 01548cad a22002175a 4500 | ||
|---|---|---|---|
| 001 | L146653 | ||
| 008 | 090211s2009 xxkabdof s 000 0 eng d | ||
| 035 | _a(Sirsi) u146653 | ||
| 041 | 0 | _aeng | |
| 110 | 2 |
_aConstruction Skills Network _95136 |
|
| 245 | 0 | 0 |
_aBlueprint for UK construction skills 2009 to 2013 _h[electronic resource] |
| 260 | _c2009 | ||
| 520 | _aForecasts construction output growth of 0.8% per annum over the period 2009-2013, compared to the 1.7% average annual growth predicted for 2008-2012. Predicts that the UK economic recession will affect the construction industry up to mid 2010, followed by an increase of activity for the second part of that year. Not all sectors will be affected in a short term, as projects relying on public spending will continue. Employment levels are predicted to rise again from mid-2010 onwards, with employment forecast to increase by 2.9% in total over the period 2009-2013. In real terms output growth across the construction industry by 2013 will have increased by 3%. Compares the different construction sectors and provides forecasts for construction growth and employment prospects across the UK regions. | ||
| 521 | 2 | _aAdvanced | |
| 590 | _aKA | ||
| 650 | 2 | 4 | _aOLYMPIC GAMES 2012 |
| 651 | 4 |
_aUnited Kingdom _y |
|
| 690 | _aBUILT ENVIRONMENT-CONSTRUCTION MARKET | ||
| 856 | 4 | 0 |
_uhttps://www.constructionskills.net/research/constructionskillsnetwork/forecastmodel/constructionskillsnetworkoutputs/uk/ _zView the report free of charge at www.constructionskills.net... |
| 942 | _n0 | ||
| 999 |
_c109252 _d109252 |
||